[Event "Nuremberg Zabo op 13th"]
[Site "Nuremberg"]
[Date "2011.09.16"]
[Round "1"]
[White "Meulner, Fabian"]
[Black "Schneider, Melanie"]
[Result "1-0"]
[WhiteElo "1714"]
[BlackElo "593"]
[PlyCount "53"]
[EventDate "2011.09.16"]
[EventType "swiss"]
[EventRounds "5"]
[EventCountry "GER"]
[SourceTitle "EXT 2013"]
[Source "ChessBase"]
[SourceDate "2012.11.22"]
[SourceVersion "1"]
[SourceVersionDate "2012.11.22"]
[SourceQuality "1"]

1. d4 d5 2. c4 Nf6 3. Nc3 e6 4. Bg5 Bb4 5. a3 Bxc3+ 6. bxc3 Nc6 7. e3 0-0 8. Nf3 a6 9. Bd3 Re8 10. Qc2 g6 11. Ne5 Ne7 12. Bxf6 Rf8 13. h4 c6 14. h5 dxc4 15. Bxc4 b5 16. Nxc6 Nxc6 17. Bxd8 Rxd8 18. Bd3 Ne7 19. hxg6 fxg6 20. a4 Rb8 21. axb5 axb5 22. Ra7 Bb7 23. Be4 Rd7 24. Bxb7 Rdxb7 25. Rxb7 Rxb7 26. Qa2 Nd5 27. Qa8+ 1-0